Understanding dementia / (Record no. 8478)

MARC details
000 -LEADER
fixed length control field 00740pam a2200265 a 4500
001 - CONTROL NUMBER
control field 2894644
003 - CONTROL NUMBER IDENTIFIER
control field OSt
005 - DATE AND TIME OF LATEST TRANSACTION
control field 20240614123924.0
008 - FIXED-LENGTH DATA ELEMENTS--GENERAL INFORMATION
fixed length control field 870423s1988 stka b 001 0 eng c
010 ## - LIBRARY OF CONGRESS CONTROL NUMBER
LC control number 87011807
020 ## - INTERNATIONAL STANDARD BOOK NUMBER
International Standard Book Number 0443035865 (pbk.)
040 ## - CATALOGING SOURCE
Transcribing agency MUST
060 ## - NATIONAL LIBRARY OF MEDICINE CALL NUMBER
Classification number WM 220 J19u
082 00 - DEWEY DECIMAL CLASSIFICATION NUMBER
Classification number 220 wm1988
100 1# - MAIN ENTRY--PERSONAL NAME
Personal name Jacques, Alan.
9 (RLIN) 17226
245 10 - TITLE STATEMENT
Title Understanding dementia /
Statement of responsibility, etc. Alan Jacques.
260 ## - PUBLICATION, DISTRIBUTION, ETC. (IMPRINT)
Place of publication, distribution, etc. Edinburgh ;
-- New York :
Name of publisher, distributor, etc. Churchill Livingstone,
Date of publication, distribution, etc. 1988.
300 ## - PHYSICAL DESCRIPTION
Extent vi, 327 p. :
Other physical details ill. ;
Dimensions 22 cm.
500 ## - GENERAL NOTE
General note Includes index.
504 ## - BIBLIOGRAPHY, ETC. NOTE
Bibliography, etc Bibliography: p. 317.
650 #0 - SUBJECT ADDED ENTRY--TOPICAL TERM
Topical term or geographic name as entry element Dementia.
9 (RLIN) 3387
650 #2 - SUBJECT ADDED ENTRY--TOPICAL TERM
Topical term or geographic name as entry element Dementia.
9 (RLIN) 3387
906 ## - LOCAL DATA ELEMENT F, LDF (RLIN)
a 7
b cbc
c orignew
d 1
e ocip
f 19
g y-gencatlg
942 ## - ADDED ENTRY ELEMENTS (KOHA)
Source of classification or shelving scheme Dewey Decimal Classification
Koha item type Open Shelf
Holdings
Withdrawn status Lost status Source of classification or shelving scheme Damaged status Not for loan Home library Current library Date acquired Source of acquisition Inventory number Total Checkouts Full call number Barcode Date last seen Price effective from Koha item type
    Other/Generic Classification Scheme     MUST Main Library MUST Main Library 14/06/2024 purchase 4893   220 wm1988 2024-20533 14/06/2024 14/06/2024 Open Shelf